Ethics in forestry / (Record no. 7799)
[ view plain ]
| 000 -LEADER | |
|---|---|
| fixed length control field | 00613cam a2200205 a 4500 |
| 001 - CONTROL NUMBER | |
| control field | 4416448 |
| 005 - DATE AND TIME OF LATEST TRANSACTION | |
| control field | 20251015133315.0 |
| 008 - FIXED-LENGTH DATA ELEMENTS--GENERAL INFORMATION | |
| fixed length control field | 931004s1994 orua b 001 0 eng |
| 020 ## - INTERNATIONAL STANDARD BOOK NUMBER | |
| International Standard Book Number | 0881922811 |
| 020 ## - INTERNATIONAL STANDARD BOOK NUMBER | |
| International Standard Book Number | 9780881922813 |
| 050 00 - LIBRARY OF CONGRESS CALL NUMBER | |
| Classification number | SD387.E78 |
| Item number | E87 1994 |
| 082 00 - DEWEY DECIMAL CLASSIFICATION NUMBER | |
| Classification number | 174/.96349 |
| Edition information | 20 |
| 245 00 - TITLE STATEMENT | |
| Title | Ethics in forestry / |
| Statement of responsibility, etc. | edited by Lloyd C. Irland. |
| 260 ## - PUBLICATION, DISTRIBUTION, ETC. | |
| Place of publication, distribution, etc. | Portland, Or. : |
| Name of publisher, distributor, etc. | Timber Press, |
| Date of publication, distribution, etc. | c1994. |
| 300 ## - PHYSICAL DESCRIPTION | |
| Extent | 458 p. : |
| Other physical details | ill. ; |
| Dimensions | 24 cm. |
| 650 #0 - SUBJECT ADDED ENTRY--TOPICAL TERM | |
| Topical term or geographic name entry element | Foresters |
| General subdivision | Professional ethics. |
| 650 #0 - SUBJECT ADDED ENTRY--TOPICAL TERM | |
| Topical term or geographic name entry element | Forests and forestry |
| General subdivision | Moral and ethical aspects. |
| 700 1# - ADDED ENTRY--PERSONAL NAME | |
| Personal name | Irland, Lloyd C. |
| 942 ## - ADDED ENTRY ELEMENTS (KOHA) | |
| Source of classification or shelving scheme | Library of Congress Classification |
| Koha item type | Books |
| Suppress in OPAC | No |
| 999 ## - | |
| -- | 7799 |
| -- | 7799 |
| Withdrawn status | Lost status | Source of classification or shelving scheme | Damaged status | Not for loan | Collection | Home library | Current library | Shelving location | Date acquired | Total checkouts | Full call number | Barcode | Date last seen | Copy number | Price effective from | Koha item type |
|---|---|---|---|---|---|---|---|---|---|---|---|---|---|---|---|---|
| Library of Congress Classification | Non-fiction | Undergraduate Library (Christ Temple) | Undergraduate Library (Christ Temple) | General stacks | 10/15/2025 | SD387.E7 ETH | ulct00005155 | 10/15/2025 | 1 | 10/15/2025 | Books |